000 00519nam a2200205Ia 4500
005 20240823031721.0
008 240823s9999||||xx |||||||||||||| ||und||
020 _a978-81-239-192-1
041 _aENGLISH
082 _A624.171 Q2
100 _aGahlot P S
245 0 _aFundamentals of structural Mechanics
250 _a1st
260 _c2012
_b"CBS Publishers & Distributors,New "
500 _aYES
650 _aStructural Mechanics
_bMechanical
700 _a Deep Gehlot
942 _cBK
999 _c191734
_d191734